000 01164pam a2200349 a 4500
999 _c1105
_d1105
001 013618446
003 Uk
005 20211005095018.0
008 061201s2007 enk 000 0 eng d
015 _aGBA6A2020
_2bnb
016 7 _a013618446
_2Uk
020 _a9780281059270 (pbk.) :
020 _a0281059276 (pbk.) :
035 _a(IeDuTC)IeDuTCb14581086
040 _aStDuBDS
_beng
_cStDuBDS
_dIeDuTC
_dUk
082 0 4 _a211.8 MCG
_222
100 1 _aMcGrath, Alister E.,
_d1953-
245 1 4 _aThe Dawkins delusion? :
_batheist fundamentalism and the denial of the divine /
_cAlister McGrath with Joanna Collicutt McGrath.
260 _aLondon :
_bSPCK,
_cc2007.
300 _avii, 78 p. ;
_c22 cm.
336 _atext
_2rdacontent
337 _aunmediated
_2rdamedia
338 _avolume
_2rdacarrier
500 _aFormerly CIP.
_5Uk
504 _aIncludes bibliographical references.
600 1 0 _aDawkins, Richard,
_d1941-
_xCriticism and interpretation.
600 1 0 _aDawkins, Richard,
_d1941-
_tGod delusion
_xCriticism and interpretation.
650 0 _aAtheism.
650 0 _aGod
_xProof.
700 1 _aMcGrath, Joanna Collicutt.
942 _2ddc
_cNFIC